| 000 | 00715ntm a22002777a 4500 | ||
|---|---|---|---|
| 005 | 20260427122336.0 | ||
| 008 | 170320b1997 xxu||||| |||| 00| 0 spa d | ||
| 020 | _a8481742287 | ||
| 041 | _aESP | ||
| 082 | _a617.692 C121m | ||
| 100 |
_aCadafalch Gabriel, Eduardo _944906 |
||
| 100 |
_aCadafalch Cabani, Juan _944907 |
||
| 245 | _aManual Clínico de prótesis fija | ||
| 260 | _aEspaña | ||
| 260 | _bHarcourt Brace | ||
| 260 | _c1997 | ||
| 300 | _a114 páginas | ||
| 300 | _bFotografías a color | ||
| 490 | _aMecánica Dental | ||
| 650 | _aPRÓTESIS DENTALES | ||
| 650 | _aPRÓTESIS FIJA | ||
| 650 | _aCORONAS | ||
| 650 | _aRETENEDORES | ||
| 650 | _aCARILLAS DE PORCELANA | ||
| 942 |
_cBK _2ddc |
||
| 999 |
_c10094 _d10094 |
||